[Event "Charlotte CCCSA Spring IM-C"]
[Site "Charlotte"]
[Date "2022.05.08"]
[Round "8"]
[White "Wang, Tianqi"]
[Black "Zapata, Alonso"]
[Result "1-0"]
[WhiteElo "2331"]
[BlackElo "2367"]
[PlyCount "61"]
[EventDate "2022.05.04"]
[EventType "tourn"]
[EventRounds "9"]
[EventCountry "USA"]
[SourceTitle "CBM 208 Extra"]
[Source "ChessBase"]
[SourceDate "2022.07.31"]
[SourceVersion "1"]
[SourceVersionDate "2022.07.31"]
[SourceQuality "1"]

1. e4 c5 2. c3 d5 3. exd5 Qxd5 4. d4 Nc6 5. Nf3 Bg4 6. Be2 cxd4 7. cxd4 e6 8. 0-0 Nf6 9. Nc3 Qa5 10. h3 Bh5 11. Qb3 Qb4 12. Rd1 Rd8 13. Be3 Be7 14. g4 Bg6 15. Ne5 0-0 16. g5 Nd7 17. Nxd7 Qxb3 18. axb3 Rxd7 19. d5 exd5 20. Nxd5 Bd6 21. b4 Be4 22. Bg4 Rdd8 23. Nc3 Bc2 24. Rd2 Bb3 25. b5 Ne5 26. Be2 f5 27. Rxa7 f4 28. Bb6 f3 29. Bd1 Be6 30. Bxd8 Rxd8 31. b3 1-0

[Event "Charlotte CCCSA Spring IM-C"]
[Site "Charlotte"]
[Date "2022.05.06"]
[Round "5"]
[White "Canty, James H"]
[Black "Zapata, Alonso"]
[Result "0-1"]
[WhiteElo "2225"]
[BlackElo "2367"]
[PlyCount "50"]
[EventDate "2022.05.04"]
[EventType "tourn"]
[EventRounds "9"]
[EventCountry "USA"]
[SourceTitle "CBM 208 Extra"]
[Source "ChessBase"]
[SourceDate "2022.07.31"]
[SourceVersion "1"]
[SourceVersionDate "2022.07.31"]
[SourceQuality "1"]

1. e4 c5 2. Nf3 Nc6 3. d4 cxd4 4. Nxd4 e6 5. Nc3 Qc7 6. Be3 a6 7. g4 Bb4 8. Nxc6 bxc6 9. Qd4 Be7 10. 0-0-0 c5 11. Qd2 Nf6 12. f3 0-0 13. g5 Ne8 14. f4 Rb8 15. f5 Bd6 16. Qf2 Be5 17. Bxc5 Bxc3 18. bxc3 d6 19. Ba3 Qxc3 20. Rd3 Qa1+ 21. Kd2 Rb1 22. Qd4 Rd1+ 23. Ke3 Rxd3+ 24. Qxd3 exf5 25. exf5 Qe5+ 0-1

[Event "Charlotte CCCSA Spring IM-C"]
[Site "Charlotte"]
[Date "2022.05.06"]
[Round "4"]
[White "Zapata, Alonso"]
[Black "Rorrer, Grayson"]
[Result "1-0"]
[WhiteElo "2367"]
[BlackElo "2204"]
[PlyCount "59"]
[EventDate "2022.05.04"]
[EventType "tourn"]
[EventRounds "9"]
[EventCountry "USA"]
[SourceTitle "CBM 208 Extra"]
[Source "ChessBase"]
[SourceDate "2022.07.31"]
[SourceVersion "1"]
[SourceVersionDate "2022.07.31"]
[SourceQuality "1"]

1. e4 c5 2. Nf3 d6 3. d4 cxd4 4. Nxd4 Nf6 5. Nc3 a6 6. Bc4 e6 7. 0-0 b5 8. Bb3 Be7 9. f4 0-0 10. f5 e5 11. Nde2 Bb7 12. Ng3 Nbd7 13. Bg5 b4 14. Bxf6 Nxf6 15. Nd5 Bxd5 16. Bxd5 Rc8 17. Bb3 a5 18. Kh1 Qb6 19. Qe2 Qa7 20. Rad1 Qb7 21. Bc4 Rc5 22. Rd2 d5 23. exd5 Nxd5 24. Bxd5 Rxd5 25. Rxd5 Qxd5 26. f6 Bd6 27. Nf5 Rd8 28. fxg7 Qe6 29. Qh5 Rd7 30. Qg4 1-0

[Event "Charlotte CCCSA Spring IM-D"]
[Site "Charlotte"]
[Date "2022.03.18"]
[Round "5"]
[White "Zapata, Alonso"]
[Black "Dukic, Zachary"]
[Result "1-0"]
[WhiteElo "2378"]
[BlackElo "2228"]
[PlyCount "89"]
[EventDate "2022.03.16"]
[EventType "tourn"]
[EventRounds "9"]
[EventCountry "USA"]
[EventCategory "1"]
[SourceTitle "CBM 207 Extra"]
[Source "ChessBase"]
[SourceDate "2022.05.31"]
[SourceVersion "1"]
[SourceVersionDate "2022.05.31"]
[SourceQuality "1"]

1. e4 c5 2. Nf3 Nc6 3. d4 cxd4 4. Nxd4 Nf6 5. Nc3 e5 6. Ndb5 d6 7. Bg5 a6 8. Na3 b5 9. Nd5 Be7 10. Bxf6 Bxf6 11. c4 Nd4 12. cxb5 Be6 13. Bc4 Qa5+ 14. Qd2 Bd8 15. b6 Bxb6 16. Nxb6 Qxb6 17. 0-0 0-0 18. Rac1 Qb7 19. Rfe1 Rac8 20. f3 Rc5 21. Bxe6 Rxc1 22. Bxf7+ Rxf7 23. Qxc1 Rc7 24. Qd2 Qb6 25. Kh1 Qc5 26. h3 h6 27. Kh2 Kh7 28. Rd1 a5 29. Nb1 a4 30. Nc3 Qc4 31. a3 Rb7 32. Qf2 Rb3 33. Rc1 Qf7 34. Rd1 Qc4 35. f4 Rb7 36. f5 Qc6 37. Nd5 Qb5 38. Rd2 Rf7 39. Qg3 Kg8 40. f6 Ne6 41. Rc2 Nc5 42. Qg4 Qd3 43. Ne7+ Rxe7 44. fxe7 Kf7 45. Rf2+ 1-0

[Event "COL Subzt 2.3.4"]
[Site "Risarald"]
[Date "2021.11.26"]
[Round "7"]
[White "Pardo, Alejandro"]
[Black "Zapata, Alonso"]
[Result "1/2-1/2"]
[WhiteElo "2148"]
[BlackElo "2384"]
[PlyCount "99"]
[EventDate "2021.11.23"]
[EventType "swiss"]
[EventRounds "9"]
[EventCountry "COL"]
[SourceTitle "CBM 205 Extra"]
[Source "ChessBase"]
[SourceDate "2022.01.31"]
[SourceVersion "1"]
[SourceVersionDate "2022.01.31"]
[SourceQuality "1"]

1. d4 f5 2. Nf3 g6 3. c4 Nf6 4. Nc3 Bg7 5. g3 d6 6. Bg2 0-0 7. 0-0 c6 8. d5 e5 9. dxe6 Bxe6 10. Bf4 Bxc4 11. Qxd6 Na6 12. Qa3 Re8 13. Qa4 Be6 14. Ng5 Qc8 15. Rfd1 h6 16. Nxe6 Rxe6 17. Rd2 Kh7 18. Rad1 Re8 19. Bd6 Nc7 20. e4 fxe4 21. Nxe4 Ncd5 22. Nxf6+ Nxf6 23. Qb3 a5 24. a4 Ne4 25. Rd3 Qf5 26. Bxe4 Rxe4 27. Rf3 Qc8 28. Rf7 Kh8 29. Rxb7 Qe8 30. Bc5 Re1+ 31. Rxe1 Qxe1+ 32. Kg2 Qe4+ 33. Qf3 Qxa4 34. b3 Qa1 35. Qxc6 Qf6 36. Qxf6 Bxf6 37. Ra7 Rb8 38. Rxa5 Rxb3 39. Ra8+ Kh7 40. Ra7+ Kg8 41. h4 h5 42. Be3 Rb4 43. Kf3 Bd4 44. Bxd4 Rxd4 45. Ke3 Rb4 46. Re7 Ra4 47. f3 Rb4 48. Rd7 Ra4 49. Re7 Rb4 50. Rd7 1/2-1/2

[Event "Charlotte Carolinas op"]
[Site "Charlotte"]
[Date "2021.06.20"]
[Round "4"]
[White "Zapata, Alonso"]
[Black "Naroditsky, Daniel"]
[Result "0-1"]
[WhiteElo "2421"]
[BlackElo "2621"]
[PlyCount "80"]
[EventDate "2021.06.18"]
[EventType "swiss"]
[EventRounds "5"]
[EventCountry "USA"]
[SourceTitle "CBM 203 Extra"]
[Source "ChessBase"]
[SourceDate "2021.09.30"]
[SourceVersion "1"]
[SourceVersionDate "2021.09.30"]
[SourceQuality "1"]

1. e4 c5 2. Nf3 d6 3. d4 cxd4 4. Nxd4 Nf6 5. Nc3 a6 6. g3 e5 7. Nb3 Be7 8. Bg2 0-0 9. 0-0 b5 10. a4 b4 11. Nd5 Nxd5 12. Qxd5 Ra7 13. Be3 Be6 14. Qd2 Rb7 15. a5 Nd7 16. Rfd1 Qc7 17. f4 Nf6 18. f5 Bc4 19. Bb6 Qc8 20. Nc1 d5 21. b3 Bb5 22. exd5 Rxb6 23. axb6 Bc5+ 24. Kh1 Ng4 25. h3 Nf2+ 26. Kh2 Nxd1 27. Qxd1 Bxb6 28. Be4 Qc3 29. Na2 Qe3 30. Qe1 Qxe1 31. Rxe1 Rc8 32. Kg2 a5 33. Kf3 Kf8 34. Rd1 Bd4 35. Rd2 Ke7 36. Nc1 Kd6 37. Ne2 Bb6 38. Rd1 Bxe2+ 39. Kxe2 Rc3 40. Bd3 e4 0-1

[Event "FIDE World Cup American Qual Gp4"]
[Site "Tornelo INT"]
[Date "2021.05.22"]
[Round "1.1"]
[White "Lage, Pedro Ferreira"]
[Black "Zapata, Alonso"]
[Result "0-1"]
[WhiteElo "2123"]
[BlackElo "2421"]
[PlyCount "122"]
[EventDate "2021.05.22"]
[EventType "k.o. (rapid)"]
[EventRounds "4"]
[EventCountry "USA"]
[SourceTitle "CBM 202 Extra"]
[Source "ChessBase"]
[SourceDate "2021.07.31"]
[SourceVersion "1"]
[SourceVersionDate "2021.07.31"]
[SourceQuality "1"]

1. Nf3 Nf6 2. c4 d6 3. d4 g6 4. Nc3 Bg7 5. e4 0-0 6. Be2 Nbd7 7. 0-0 e5 8. Re1 c6 9. Bf1 a5 10. dxe5 dxe5 11. Na4 Qe7 12. Qc2 Re8 13. c5 Bf8 14. Bg5 h6 15. Bh4 g5 16. Bg3 Nh5 17. Rac1 Nxg3 18. hxg3 Nf6 19. Nb6 Ra7 20. Qc3 Bg4 21. Nd2 Rd8 22. f3 Be6 23. Red1 Rd4 24. b3 Qd8 25. Na4 Ra8 26. Be2 Qc7 27. Nc4 Bxc4 28. Rxd4 Bxe2 29. Rd2 Bb5 30. Nb6 Rd8 31. Rcd1 Rxd2 32. Rxd2 Qe7 33. Rc2 Nd7 34. Nxd7 Qxd7 35. a4 Ba6 36. Kh2 Qd3 37. Qxd3 Bxd3 38. Rc3 Ba6 39. g4 Kg7 40. Kg3 Kf6 41. Kf2 Ke6 42. Rc1 Kf6 43. Ke1 Kg6 44. Kf2 h5 45. gxh5+ Kxh5 46. g4+ Kg6 47. Ke3 Kf6 48. Kd2 Ke6 49. Rc2 Kd7 50. Kc1 Kc7 51. Kb2 b6 52. cxb6+ Kxb6 53. Rh2 Bc5 54. Rh7 Be2 55. Rxf7 Be3 56. Kc3 Bf4 57. b4 Bxf3 58. bxa5+ Kxa5 59. Kd3 Bxg4 60. Rc7 Kb6 61. Rg7 Bd1 0-1

[Event "American World Cup Q Prelim"]
[Site "Tornelo INT"]
[Date "2021.05.09"]
[Round "5"]
[White "Zapata, Alonso"]
[Black "Cofre Archibold, Nestor"]
[Result "1/2-1/2"]
[WhiteElo "2421"]
[BlackElo "2279"]
[PlyCount "72"]
[EventDate "2021.05.08"]
[EventType "swiss (rapid)"]
[EventRounds "9"]
[EventCountry "USA"]
[SourceTitle "CBM 202 Extra"]
[Source "ChessBase"]
[SourceDate "2021.07.31"]
[SourceVersion "1"]
[SourceVersionDate "2021.07.31"]
[SourceQuality "1"]

1. e4 c5 2. Nf3 d6 3. d4 cxd4 4. Nxd4 Nf6 5. Nc3 g6 6. Be2 Bg7 7. 0-0 0-0 8. Bg5 Nc6 9. Nb3 Be6 10. Kh1 Na5 11. e5 Nxb3 12. exf6 exf6 13. Bxf6 Bxf6 14. axb3 a6 15. Qd2 Qc7 16. Rad1 Rfd8 17. Bf3 Rac8 18. Nd5 Bxd5 19. Bxd5 Qxc2 20. Qf4 Qxb2 21. Bxb7 Be5 22. Qg4 Rc7 23. Bd5 Kg7 24. f4 h5 25. Qf3 Rc3 26. Qe4 Bf6 27. f5 g5 28. Qa4 h4 29. h3 Be5 30. f6+ Kh6 31. Qg4 Rg3 32. Qf5 Rf8 33. Be4 Rh8 34. Bd5 Rf8 35. Be4 Rh8 36. Bd5 Rf8 1/2-1/2